| 000 | 00788nam a22001817a 4500 | ||
|---|---|---|---|
| 999 |
_c14881 _d14881 |
||
| 003 | OSt | ||
| 082 | _2631.587 MAD/CO | ||
| 088 | _aT 390 | ||
| 100 |
_aMADHAVI TULLURU _93749 |
||
| 245 | _aComparative Evaluation of Evapotranspiration Parameters in a Naturally Ventilated Polyhouse and Open Field | ||
| 260 |
_aTavanur 2017 _bKelappaji College of Agricultural Engineering and Technology |
||
| 300 | _a115 | ||
| 500 | _aComparative Evaluation of Evapotranspiration Parameters in a Naturally Ventilated Polyhouse and Open Field | ||
| 520 | _aComparative Evaluation of Evapotranspiration Parameters in a Naturally Ventilated Polyhouse and Open Field | ||
| 700 |
_aDr. Rema K. P (Guide) _93468 |
||
| 856 | _uhttps://drive.google.com/open?id=19JHMBKlzXFqzShkpq3LFAxxUpOMoiKQb | ||
| 942 | _cTH | ||